000 00563nam a2200193Ia 4500
003 GCL
008 140319s9999 xx 000 0 ara d
040 _aGCL /
_cGCL
082 0 4 _a327.73056
_bم ا
100 1 _aميشيل كامل
245 1 0 _aامريكا والشرق العربى /
_cميشيل كامل
260 _aالقاهرة :
_bوزارة الثقافة
300 _a141 ص ؛
_c24 سم
490 _a
650 0 4 _aالولايات المتحدة الامريكية
650 0 4 _aالسياسة
650 0 4 _aالعرب
942 _2ddc
_cBK
999 _c47046
_d47046